Sobre la violencia revolucionaria: memorias y olvidos
-д хадгалсан:
| Үндсэн зохиолч: | |
|---|---|
| Формат: | Ном |
| Хэл сонгох: | испани |
| Хэвлэсэн: |
Buenos Aires
Siglo Veintiuno
2009
|
| Хэвлэл: | 1a. ed |
| Цуврал: | Sociología y Política
|
| Нөхцлүүд: | |
| Шошгууд: |
Шошго нэмэх
Шошго байхгүй, Энэхүү баримтыг шошголох эхний хүн болох!
|
MARC
| LEADER | 00000nam a2200000 a 4500 | ||
|---|---|---|---|
| 001 | UCG6820 | ||
| 003 | CL-VaPUC | ||
| 008 | 110520e20090000AG |||||||||||||||||spa|d | ||
| 020 | |a 9789876290791 | ||
| 082 | 0 | 4 | |a 982.064 |b VEZ |2 21 |
| 100 | 0 | |a Vezzetti, Hugo |e author |9 557235 | |
| 245 | 1 | 0 | |a Sobre la violencia revolucionaria: memorias y olvidos |
| 250 | |a 1a. ed | ||
| 300 | |a 280 p | ||
| 942 | |c BK | ||
| 945 | |d 20110520 00:00:00 |a jcampos | ||
| 260 | |a Buenos Aires |b Siglo Veintiuno |c 2009 | ||
| 650 | 7 | |a HISTORIA DE ARGENTINA SIGLO 20 |2 CL-VaPUC |9 332202 | |
| 650 | 7 | |a POLITICA ARGENTINA |2 CL-VaPUC |9 555535 | |
| 650 | 7 | |a GRUPOS SUBVERSIVOS |2 CL-VaPUC |9 467432 | |
| 650 | 7 | |a GUERRILLA URBANA |2 CL-VaPUC |9 392246 | |
| 651 | 0 | |a Argentina |9 254888 | |
| 583 | |a last modification |c 20160913 09:56:29 |k Rodrigo Vera | ||
| 490 | 0 | |a Sociología y Política | |
| 999 | |c 344951 |d 344949 | ||
| 952 | |0 0 |1 0 |4 0 |6 982_064000000000000_VEZ_2009 |7 0 |8 A |9 443317 |a BIBHIS |b BIBHIS |d 2019-11-22 |i 4778944 |o 982.064 VEZ 2009 |p 4778944 |r 2025-01-20 |w 2019-11-22 |y BK |k HIS | ||